El pedagogiar en la escuela de hoy: una propuesta de ensoñación curricular en el colegio Jorge Soto del Corral
Esta es una propuesta de investigación desde el ejercicio curricular del maestro, en la implementación de una pedagogía alternativa atenta a los cambios que plantea el devenir y educado a los niños para la vida.
Uloženo v:
| Hlavní autor: | |
|---|---|
| Další autoři: | |
| Médium: | Kniha |
| Jazyk: | Spanish |
| Vydáno: |
Bogotá:
grupo editorial Gaia,
2002
|
| Témata: | |
| On-line přístup: | Para acceder al PDF haga clic aquí |
| Tagy: |
Přidat tag
Žádné tagy, Buďte první, kdo vytvoří štítek k tomuto záznamu!
|
MARC
| LEADER | 00000nam a2200000 a 4500 | ||
|---|---|---|---|
| 001 | 000914 | ||
| 003 | OSt | ||
| 005 | 20181011145830.0 | ||
| 008 | 030422s2002 ck # fr# #000|0#spa#d | ||
| 999 | |c 3066 |d 3066 | ||
| 020 | |a 958-8066-18-2 | ||
| 040 | |c CNA-IDEP | ||
| 041 | 0 | |a spa | |
| 043 | |a s-ck--- | ||
| 082 | 0 | 4 | |a 372.1 |b M861p |
| 100 | 1 | |a Murcía, María |9 5276 | |
| 245 | 1 | 3 | |a El pedagogiar en la escuela de hoy: |b una propuesta de ensoñación curricular en el colegio Jorge Soto del Corral |c María Murcía; Luz Mahecha |
| 260 | |a Bogotá: |b grupo editorial Gaia, |c 2002 | ||
| 300 | |a 112 p. | ||
| 504 | |a Incluye bibliografía. | ||
| 520 | 3 | |a Esta es una propuesta de investigación desde el ejercicio curricular del maestro, en la implementación de una pedagogía alternativa atenta a los cambios que plantea el devenir y educado a los niños para la vida. | |
| 650 | 1 | 4 | |a EDUCACIÓN PRIMARIA |z BOGOTÁ (COLOMBIA) |9 3562 |
| 650 | 1 | 4 | |a INVESTIGACIONES |9 4956 |
| 700 | 1 | |a Mahecha, Luz. |9 5277 | |
| 856 | |u http://biblioteca.idep.edu.co/libros/El_Pedagogiar_en_la_Escuela.pdf |y Para acceder al PDF haga clic aquí | ||
| 942 | |2 ddc |c BK | ||